| 000 | 01316cam a2200337 4500 | ||
|---|---|---|---|
| 001 | L129144 | ||
| 008 | 050322n2005 000 0 eng u | ||
| 020 | _a0853089574 | ||
| 035 | _a(Sirsi) u129144 | ||
| 041 | _aeng | ||
| 050 |
_a346.41013 _c18 |
||
| 100 | _aDoyle, Brian | ||
| 245 | _aDisability discrimination: law and practice | ||
| 250 | _a5th ed. | ||
| 260 |
_aBristol _bJordans _c2005 |
||
| 300 | _alxxii,562p. ; 25cm. | ||
| 350 | _a45.00 | ||
| 520 | _aDisability Discrimination: Law and Practice provides analysis of how the amended Disability Discrimination Act (1995) legislation operates in practice. This work includes coverage of different implementation of the Act in Wales, Scotland and Northern Ireland, as well as in England or across the UK. | ||
| 520 | _aSUPERSEDES 4TH ED 0853088152 | ||
| 590 | _aIKA190505 | ||
| 650 | _aDISABILITY DISCRIMINATION ACT 1995 | ||
| 650 | _aDISABILITY RIGHTS COMMISSION ACT 1999 | ||
| 650 | _aMANAGEMENT-BUSINESS MANAGEMENT-DISCRIMINATION-DISABILITY DISCRIMINATION-ACCESSIBILITY | ||
| 650 | _aDISABLED PEOPLE | ||
| 650 | _aCAREERS, EDUCATION AND TRAINING | ||
| 650 | _aEMPLOYMENT LAW | ||
| 650 | _aLEASES | ||
| 650 | _aPUBLIC TRANSPORT | ||
| 690 | _aMANAGEMENT-BUSINESS MANAGEMENT-DISCRIMINATION-DISABILITY DISCRIMINATION | ||
| 942 | _n0 | ||
| 999 |
_c104112 _d104112 |
||